ბათუმის შოთა რუსთაველის სახელმწიფო უნივერსიტეტის ბიბლიოთეკა

Ear, nose, and throat at a glance / (ბიბ.ჩანაწერი № 57481)

000 -LEADER
fixed length control field 00638cam a22002058a 4500
001 - CONTROL NUMBER
control field 17430556
005 - DATE AND TIME OF LATEST TRANSACTION
control field 20221107123214.0
008 - FIXED-LENGTH DATA ELEMENTS--GENERAL INFORMATION
fixed length control field 120813s2013 enk bf 001 0 eng
020 ## - INTERNATIONAL STANDARD BOOK NUMBER
International Standard Book Number 9781444330878 X
041 ## - LANGUAGE CODE
Language code of text/sound track or separate title eng
080 ## - UNIVERSAL DECIMAL CLASSIFICATION NUMBER
Universal Decimal Classification number 616.21 M-92
100 1# - MAIN ENTRY--PERSONAL NAME
Personal name Munir, Nazia.
9 (RLIN) 8790
245 10 - TITLE STATEMENT
Title Ear, nose, and throat at a glance /
Statement of responsibility, etc. Nazia Munir, Ray Clarke.
264 ## - PRODUCTION, PUBLICATION, DISTRIBUTION, MANUFACTURE, AND COPYRIGHT NOTICE
Place of production, publication, distribution, manufacture Chichester, West Sussex :
Name of producer, publisher, distributor, manufacturer Wiley-Blackwell,
Date of production, publication, distribution, manufacture, or copyright notice 2013.
300 ## - PHYSICAL DESCRIPTION
Extent 95 p. ;
Dimensions 28 cm.
653 ## - INDEX TERM--UNCONTROLLED
keyword ყელ ყურ ცხვირი
653 ## - INDEX TERM--UNCONTROLLED
keyword მედიცინა
700 1# - ADDED ENTRY--PERSONAL NAME
Personal name Clarke, Ray
Fuller form of name (Raymond).
Relator term ავტორი
9 (RLIN) 8795
942 ## - ADDED ENTRY ELEMENTS (KOHA)
Source of classification or shelving scheme
Koha item type წიგნი
ეგზემპლარები
Withdrawn status Lost status Source of classification or shelving scheme Damaged status Not for loan Permanent Location Current Location Shelving location Date acquired Cost, normal purchase price Full call number Barcode Date last seen Copy number Price effective from Koha item type Public note
          ბათუმის შოთა რუსთაველის სახელმწიფო უნივერსიტეტის მთავარი ბიბლიოთეკა ბათუმის შოთა რუსთაველის სახელმწიფო უნივერსიტეტის მთავარი ბიბლიოთეკა წიგნსაცავი 2020-06-25 102.00 616.21 M-92 60679 2020-06-25 60679 2020-06-25 წიგნი 102 ლ.